Normal view MARC view

Entry Topical Term

Number of records used in: 1

001 - CONTROL NUMBER

  • control field: 19616

003 - CONTROL NUMBER IDENTIFIER

  • control field: OSt

005 - DATE AND TIME OF LATEST TRANSACTION

  • control field: 20201212102945.0

008 - FIXED-LENGTH DATA ELEMENTS

  • fixed length control field: 201212|| aca||aabn | a|a d

040 ## - CATALOGING SOURCE

  • Original cataloging agency: OSt
  • Transcribing agency: OSt

150 ## - HEADING--TOPICAL TERM

  • Topical term or geographic name entry element: Description, Concepts, Accuracy, History, Narrative sentences, Narrative explanation

670 ## - SOURCE DATA FOUND

  • Source citation: Work cat.: (OSt): Tsilipakos, Leonidas. 19615, Descriptive accuracy in history: The case of narrative explanations

Powered by Koha